Vida de Miguel Cervantes Saavedra

保存先:
書誌詳細
第一著者: Mayans y Siscar, Gregorio
フォーマット: 図書
言語:Undetermined
出版事項: Madrid, España Espasa-Calpe 1972
主題:
タグ: タグ追加
タグなし, このレコードへの初めてのタグを付けませんか!

MARC

LEADER 00000nam a2200000Ia 4500
008 170316s9999 xx 000 0 und d
090 |a C-862 M-5v 
100 |a Mayans y Siscar, Gregorio 
245 |a Vida de Miguel Cervantes Saavedra 
260 |a Madrid, España 
260 |b Espasa-Calpe 
260 |c 1972 
300 |a 183 páginas 
650 |a LITERATURA ESPAÑOLA 
650 |a CRÍTICA 
999 |c 28522  |d 28522 
040 |a cru BVZT 
942 |c 15 D  |h C-862 M-5v  |2 z